000 00658nam a22002177a 4500
010 _a738578
020 _a002160145
035 _a738578
037 _bCen Lib / Ret
040 _aDPL
_bEN
082 _a921
_bHUX
100 _aBedford, Sybille
245 _aAldous Huxley :
_ba biography /
_cby Sybille Bedford
260 _aLondon
_bChatto & Windus
_c1974
270 _aChatto & Windus
_bLondon
300 _a(v 2. xii, 378)
_b24cm(Hb)
650 _aHuxley, Aldous, -- 1894-1963 -- Biography.
650 _aHuxley, Aldous, -- 1894-1963
650 _aHuxley, Aldous, -- (1894-1963) -- Biographie.
942 _2ddc
_cEN
_h921
_mHUX
999 _c136706
_d136706